| 000 | 01094nam0a22002891 4500 | ||
|---|---|---|---|
| 001 | rc\889177 | ||
| 005 | 20041129094003.7 | ||
| 035 | _a(NLR Aleph) 006066034 | ||
| 090 |
_a4956855 _c4956855 |
||
| 100 | _a20041129d1984 u |0rusy50 ca | ||
| 101 | 0 | _arus | |
| 102 | _aRU | ||
| 105 | _aa ||||||||| | ||
| 200 | 1 |
_aАвтомобиль категории С _eУчеб. водителя _e[Для сред. ПТУ] _fВ.С. Калисский, А.И. Манзон, Г.Е. Нагула |
|
| 205 | _a3-е изд., стер. | ||
| 210 |
_aМ. _cТранспорт _d1984 |
||
| 215 |
_a352 с. _cил. _d20 |
||
| 300 | _aВ вып. дан. 2-й авт.: Александр Исакович Манзон | ||
| 320 | _aПредм. указ.: с. 341-346 | ||
| 700 | 1 |
_aКалисский _bВ. С. _gВладимир Сергеевич |
|
| 701 | 1 |
_aМанзон _bА. И. _gАлександр Исаакович |
|
| 701 | 1 |
_aНагула _bГ. Е. _gГригорий Ефремович |
|
| 801 | 0 |
_aRU _bNLR _gpsbo |
|
| 801 | 1 |
_aRU _bELAR _2rusmarc |
|
| 852 |
_aNLR _j84-3/3062 |
||
| 942 | _cBOOK | ||
| 980 | _aNB | ||